ITALIA CARITAS. APRILE 1993. GIOVANI SENZA FRETTA DI CRESCERE. (Record n. 331288)

Dettagli MARC
000 -LEADER
fixed length control field 01766nas a2200277Ia 4500
001 - CONTROL NUMBER
control field R050-S2700
003 - CONTROL NUMBER IDENTIFIER
control field IT-CnALBA
008 - FIXED-LENGTH DATA ELEMENTS--GENERAL INFORMATION
fixed length control field 170116c99999999xx |||||||||||| ||und||
040 ## - CATALOGING SOURCE
Original cataloging agency IT-CnALBA
Transcribing agency IT-CnALBA
041 ## - LANGUAGE CODE
Language code of text/sound track or separate title ITALIANO
999 ## - SYSTEM CONTROL NUMBERS (KOHA)
Koha Dewey Subclass [OBSOLETE] NO
100 ## - MAIN ENTRY--PERSONAL NAME
Personal name PASINI GIUSEPPE
210 ## - ABBREVIATED TITLE
Abbreviated title ITALIA CARITAS
222 ## - KEY TITLE
Key title ITALIA CARITAS
245 #0 - TITLE STATEMENT
Title ITALIA CARITAS. APRILE 1993. GIOVANI SENZA FRETTA DI CRESCERE.
250 ## - EDITION STATEMENT
Edition statement 1a ed.
260 ## - PUBLICATION, DISTRIBUTION, ETC. (IMPRINT)
Place of publication, distribution, etc. ROMA
Name of publisher, distributor, etc. CARITAS ITALIANA
Date of publication, distribution, etc. 1993 [1° Ed.:1993 - Ed.Ling.Originale: 1993]
300 ## - PHYSICAL DESCRIPTION
Extent 32 p.
310 ## - CURRENT PUBLICATION FREQUENCY
Current publication frequency MENSILE
362 ## - DATES OF PUBLICATION AND/OR SEQUENTIAL DESIGNATION
Dates of publication and/or sequential designation Fascicolo: 4 / Anno: 26 (1993)
500 ## - GENERAL NOTE
General note RISURREZIONE E SPERANZA. EX JUGOSLAVIA, ORA BASTA. MASSACRO ASSURDO, ROMAGNOLI A. DISOCCUPATI, CIFRE DA BRIVIDO, AREE DISAGIO E POVERTÀ, NELLA CEE, DISOCCUPAZIONE. CIPRIANI P. DATI JARD SU GIOVANI OGGI, NEGATO IL DIRITTO ALLO STUDIO? POLITICA PER POLITICI SOLO? RICCI S. GLI STUDENTI STRANIERI. CARI MAFIOSI, DONNE SCRIVONO. MARTIRANI G. MAFIA E NONVIOLENZA, CIPRIANI D. I SANTI MILITARI. DOVE VA LA COOPERAZIONE INTERNAZIONALE. MURI DA ABBATTERE, AVS E IMPEGNO POLITICO.
501 ## - WITH NOTE
With note Società San Paolo EM - Piazza San Paolo, 14 - 12051 ALBA (CN) (non commercial uses only) ® Copyright 2017
520 ## - SUMMARY, ETC.
Summary, etc. RISURREZIONE E SPERANZA. EX JUGOSLAVIA, ORA BASTA. MASSACRO ASSURDO, ROMAGNOLI A. DISOCCUPATI, CIFRE DA BRIVIDO, AREE DISAGIO E POVERTÀ, NELLA CEE, DISOCCUPAZIONE. CIPRIANI P. DATI JARD SU GIOVANI OGGI, NEGATO IL DIRITTO ALLO STUDIO? POLITICA PER POLITICI SOLO? RICCI S. GLI STUDENTI STRANIERI. CARI MAFIOSI, DONNE SCRIVONO. MARTIRANI G. MAFIA E NONVIOLENZA, CIPRIANI D. I SANTI MILITARI. DOVE VA LA COOPERAZIONE INTERNAZIONALE. MURI DA ABBATTERE, AVS E IMPEGNO POLITICO.
650 ## - SUBJECT ADDED ENTRY--TOPICAL TERM
Topical term or geographic name as entry element ECCLESIOLOGIA
942 ## - ADDED ENTRY ELEMENTS (KOHA)
Koha item type RIVISTA
957 ## -
-- 1
999 ## - SYSTEM CONTROL NUMBERS (KOHA)
-- 1
Dati di copia
Withdrawn status Lost status Damaged status Not for loan Home library Current library Date acquired Total Checkouts Full call number Date last seen Price effective from Koha item type Public note
    Buone Condizioni Not For Loan ALBA - Biblioteca ALBA - Biblioteca 16/01/2017   R050-S2700 16/01/2017 16/01/2017 RIVISTA (data import: 16 gennaio 2017) - By Epidotti, Vaglietti.
CREDITS: SOCIETA' SAN PAOLO Via A.Severo, 58 - ROMA (RM) & PERIODICI SAN PAOLO SRL Via Giotto, 36 MILANO & CISF Via Giotto, 36 MILANO & EDIZIONI SAN PAOLO SRL,  Piazza Soncino, 5 CINISELLO BALSAMO (MI) -- ITALY